[Event "CSS Freestyle 8th"]
[Site "playchess.com"]
[Date "2008.04.12"]
[Round "4"]
[White "Wytiko"]
[Black "Paganel01"]
[Result "0-1"]
[WhiteElo "2318"]
[BlackElo "2444"]
[PlyCount "144"]
[EventDate "2008.04.11"]

1. d4 {16} Nf6 {40} 2. c4 {9} e6 {4} 3. Nc3 {43} Bb4 {18} 4. e3 {242} O-O {103}
5. Bd3 {11} d5 {42} 6. Nf3 {419} dxc4 {121} 7. Bxc4 {6} b6 {114} 8. O-O {178}
Bb7 {40} 9. a3 {90} Be7 {119} 10. Qe2 {44} Ne4 {78} 11. Bd3 {62} Nxc3 {166} 12.
bxc3 {5} c5 {2} 13. e4 {507} Nc6 {102} 14. Bb2 {298} Na5 {59} 15. Rad1 {94} Qc7
{261} 16. Rfe1 {275} Rac8 {187} 17. d5 {501} c4 {93} 18. Bc2 {7} Rcd8 {148} 19.
dxe6 {28} fxe6 {27} 20. Rxd8 {157} Qxd8 {50} 21. Rd1 {90} Qc7 {324} 22. Bc1 {
215} e5 {248} 23. a4 {41} Bc8 {244} 24. h3 {8} Nb3 {54} 25. Be3 {11} Bf6 {55}
26. Rb1 {224} Be6 {296} 27. Ng5 {307} Bxg5 {97} 28. Bxg5 {3} Qc6 {1} 29. Rd1 {
16} Qxa4 {50} 30. Be7 {42} Re8 {42} 31. Bd6 {39} Bf7 {25} 32. Qg4 {49} Qa5 {
' 142} 33. Bb4 {9} Qb5 {153} 34. Qd7 {9} Qxd7 {51} 35. Rxd7 {1} a5 {1} 36. Ba3
{1} b5 {29} 37. Kf1 {4} b4 {35} 38. Bxb3 {15} Be6 {49} 39. Ra7 {11} cxb3 {16}
40. cxb4 {5} axb4 {18} 41. Bb2 {1} Rc8 {45} 42. Ra1 {30} Rc2 {22} 43. Rb1 {1}
Bc4+ {16} 44. Kg1 {1} Re2 {23} 45. Bxe5 {3} Rxe4 {19} 46. Bd6 {6} Bd5 {33} 47.
f3 {4} Rc4 {21} 48. Be5 {3} g6 {23} 49. Rb2 {6} Kf7 {19} 50. Kf2 {3} Ke6 {12}
51. Re2 {20} h5 {22} 52. Bb2+ {30} Kd6 {12} 53. Ke1 {4} Rc3 {63} 54. Kd1 {4}
Be6 {23} 55. Rd2+ {8} Kc5 {18} 56. Re2 {38} Bf5 {9} 57. Re7 {46} Kd6 {10} 58.
Re2 {4} h4 {22} 59. Kd2 {36} Rc8 {12} 60. Kd1 {12} Bc2+ {13} 61. Kd2 {8} Kd5 {7
} 62. Re1 {15} Rc6 {20} 63. Re5+ {15} Kc4 {12} 64. Re7 {67} Rd6+ {18} 65. Ke3 {
2} Rd1 {12} 66. Rc7+ {16} Kb5 {10} 67. Rb7+ {4} Kc5 {15} 68. Bf6 {38} Bf5 {44}
69. Rc7+ {30} Kb6 {26} 70. Rc4 {31} Kb5 {15} 71. Rxh4 {23} Rd3+ {14} 72. Ke2 {7
} Rc3 {Tempo (Lag: Av=0.31s, max=1.9s) . 7} 0-1

[Event "CSS Freestyle 8th"]
[Site "playchess.com"]
[Date "2008.04.12"]
[Round "4"]
[White "Hoshad"]
[Black "Talok"]
[Result "0-1"]
[WhiteElo "2427"]
[BlackElo "2391"]
[PlyCount "144"]
[EventDate "2008.04.11"]

1. e4 {6} c5 {97} 2. Nf3 {7} d6 {17} 3. d4 {12} cxd4 {21} 4. Nxd4 {0} Nf6 {7}
5. Nc3 {23} a6 {17} 6. Be3 {19} e6 {7} 7. f3 {127} b5 {21} 8. Qd2 {33} Nbd7 {8}
9. g4 {51} b4 {17} 10. Nce2 {43} h6 {95} 11. O-O-O {533} Qc7 {26} 12. h4 {284}
d5 {98} 13. exd5 {77} Nxd5 {48} 14. Nf4 {64} N7b6 {198} 15. Bd3 {293} Bc5 {
Hoshad reconnected. 206} 16. Nxd5 {465} Nxd5 {74} 17. Bg1 {40} Bb7 {150} 18.
Kb1 {43} O-O {100} 19. Nb3 {458} Bd6 {210} 20. g5 {139} h5 {94} 21. Bh2 {377}
Bxh2 {109} 22. Qxh2 {0} Nf4 {53} 23. Be4 {155} Bxe4 {106} 24. fxe4 {0} e5 {3}
25. Nc1 {25} a5 {122} 26. Nd3 {92} Rfd8 {72} 27. Rd2 {46} a4 {98} 28. Nxb4 {89}
a3 {41} 29. Rxd8+ {34} Rxd8 {35} 30. Qg3 {10} axb2 {21} 31. Qb3 {60} Rd4 {65}
32. Nd5 {19} Nxd5 {135} 33. exd5 {5} Qd6 {2} 34. a3 {25} e4 {179} 35. Re1 {80}
g6 {45} 36. Kxb2 {35} Qe5 {47} 37. Ka2 {8} Rxd5 {20} 38. Qc4 {5} Rd4 {22} 39.
Qc8+ {53} Kh7 {19} 40. Qc3 {41} Qe6+ {112} 41. Qb3 {14} Qf5 {9} 42. Qc3 {37}
Rd7 {21} 43. Re3 {58} Re7 {135} 44. Kb1 {55} Rb7+ {89} 45. Kc1 {3} Qf4 {46} 46.
Qe1 {7} Rc7 {89} 47. Qg3 {5} Qf1+ {Hoshad reconnected. 16} 48. Kb2 {3} Rb7+ {
114} 49. Rb3 {13} Rxb3+ {10} 50. Qxb3 {9} Qf2 {6} 51. Qd5 {118} e3 {45} 52. Qd4
{2} Qf3 {28} 53. Qd3 {2} Qf4 {22} 54. Kb3 {19} Qb8+ {32} 55. Kc4 {12} Qg3 {187}
56. Qe2 {19} Qxh4+ {33} 57. Kd3 {3} Qxg5 {67} 58. Qxe3 {24} Qf5+ {6} 59. Qe4 {
15} Qf1+ {9} 60. Qe2 {31} Qf6 {52} 61. Qe3 {11} h4 {95} 62. Ke2 {3} Kg7 {10}
63. c4 {36} g5 {40} 64. c5 {5} Kf8 {30} 65. c6 {24} Qe7 {19} 66. c7 {11} Qxc7 {
50} 67. Qxg5 {23} Qe7+ {42} 68. Qxe7+ {13} Kxe7 {5} 69. Kf3 {40} f5 {9} 70. Kf4
{14} Kd6 {12} 71. Kf3 {14} Kc5 {12} 72. Kg2 {12} f4 {
Hoshad resigns (Lag: Av=0.25s, max=0.6s) 9} 0-1

[Event "CSS Freestyle 8th"]
[Site "playchess.com"]
[Date "2008.04.12"]
[Round "4"]
[White "Brener"]
[Black "Fulcrum2000"]
[Result "1/2-1/2"]
[WhiteElo "2379"]
[BlackElo "2544"]
[PlyCount "142"]
[EventDate "2008.04.11"]

1. Nf3 {3} d5 {125} 2. d4 {4} Nf6 {7} 3. c4 {2} dxc4 {29} 4. e3 {6} e6 {4} 5.
Bxc4 {5} c5 {4} 6. O-O {4} a6 {6} 7. a4 {7} Nc6 {22} 8. Qe2 {4} Qc7 {28} 9. Nc3
{4} Bd6 {8} 10. Bd2 {32} O-O {18} 11. Rac1 {36} b6 {2} 12. Bd3 {46} Bb7 {6} 13.
Ne4 {3} Nxe4 {3} 14. Bxe4 {0} Rfd8 {19} 15. dxc5 {472} bxc5 {116} 16. Bc3 {3}
a5 {424} 17. Rfd1 {25} h6 {286} 18. b3 {394} Nb4 {197} 19. Bxb7 {12} Qxb7 {8}
20. Ba1 {307} Nc6 {283} 21. Nd2 {71} Bf8 {42} 22. Rb1 {104} Rd5 {18} 23. Nc4 {
Fulcrum2000 reconnected. 95} Rad8 {15} 24. Rdc1 {11} Bd6 {45} 25. Bc3 {33} Bc7
{65} 26. f4 {4} Nb4 {43} 27. Qg4 {221} g6 {4} 28. Bf6 {18} R8d7 {28} 29. Qf3 {
146} h5 {189} 30. Rf1 {71} Nc6 {10} 31. Bc3 {52} Qb8 {272} 32. Ba1 {205} Qd8 {
90} 33. Qe2 {36} Kh7 {161} 34. Kh1 {Fulcrum2000 reconnected. 559} Kg8 {86} 35.
Qb2 {White restart ok. 33} e5 {14} 36. e4 {12} Rd1 {469} 37. fxe5 {11} Rxf1+ {
12} 38. Rxf1 {0} Rd1 {8} 39. Qf2 {6} Rxf1+ {51} 40. Qxf1 {0} Qh4 {174} 41. Nd6
{71} Bxd6 {10} 42. exd6 {0} Qxe4 {5} 43. h3 {35} Kf8 {6} 44. Bc3 {40} Qe6 {266}
45. Qd3 {61} Ke8 {16} 46. Bxa5 {19} c4 {103} 47. Qc3 {25} Nxa5 {172} 48. Qxa5 {
9} cxb3 {53} 49. Qb5+ {3} Kd8 {11} 50. Qb8+ {3} Kd7 {15} 51. Qc7+ {2} Ke8 {8}
52. d7+ {36} Qxd7 {19} 53. Qb8+ {1} Ke7 {17} 54. Qxb3 {0} Qd4 {10} 55. Qa2 {59}
Qd1+ {10} 56. Kh2 {3} Qd6+ {10} 57. Kg1 {4} Qb4 {14} 58. Qa1 {7} Qa5 {
Fulcrum2000 offers a draw 13} 59. h4 {15} Ke6 {14} 60. Qa2+ {46} Kf6 {22} 61.
g3 {12} Ke7 {20} 62. Kf2 {6} Qf5+ {93} 63. Kg2 {16} Qe4+ {6} 64. Kh2 {20} f5 {
11} 65. a5 {32} f4 {4} 66. Qa3+ {47} Kd7 {12} 67. gxf4 {17} Qe2+ {32} 68. Kg3 {
15} Qg4+ {8} 69. Kf2 {3} Qxh4+ {15} 70. Qg3 {19} Qxg3+ {9} 71. Kxg3 {
Brener bietet Remis 0} Kc6 {
Fulcrum2000 offers a draw (Lag: Av=0.29s, max=2.2s) 5} 1/2-1/2

[Event "CSS Freestyle 8th"]
[Site "playchess.com"]
[Date "2008.04.12"]
[Round "4"]
[White "Ultima"]
[Black "Ciron"]
[Result "1/2-1/2"]
[WhiteElo "2589"]
[BlackElo "2529"]
[PlyCount "171"]
[EventDate "2008.04.11"]

1. e4 {84} c5 {117} 2. Nf3 {3} Nc6 {4} 3. d4 {10} cxd4 {11} 4. Nxd4 {0} Nf6 {1}
5. Nc3 {29} e5 {22} 6. Ndb5 {59} d6 {23} 7. Bg5 {357} a6 {10} 8. Na3 {1} b5 {8}
9. Nd5 {1} Be7 {11} 10. Bxf6 {10} Bxf6 {13} 11. c3 {11} O-O {15} 12. Nc2 {53}
Bg5 {30} 13. a4 {29} bxa4 {7} 14. Rxa4 {0} a5 {11} 15. Bc4 {2} Rb8 {13} 16. b3
{4} Kh8 {149} 17. Nce3 {18} Ne7 {297} 18. Nxe7 {300} Qxe7 {8} 19. Nd5 {9} Qd8 {
660} 20. O-O {23} f5 {32} 21. exf5 {0} Bxf5 {47} 22. Qe2 {2} Bd7 {108} 23. Ra2
{39} Bh4 {547} 24. f3 {400} Bg5 {125} 25. Kh1 {23} Bc6 {312} 26. Rd1 {34} Rc8 {
102} 27. b4 {603} axb4 {46} 28. cxb4 {0} Bb7 {5} 29. Raa1 {20} Rb8 {50} 30. b5
{7} Bh6 {150} 31. Ra4 {287} Qh4 {40} 32. Bb3 {9} Qh5 {18} 33. Rb4 {3} Bg5 {158}
34. b6 {8} Bd8 {24} 35. Nc7 {95} e4 {79} 36. Bd5 {12} exf3 {26} 37. gxf3 {0}
Bxd5 {31} 38. Nxd5 {7} Rf5 {69} 39. Re4 {12} Rf8 {45} 40. Nf4 {142} Qa5 {265}
41. Ne6 {20} Rg8 {6} 42. Nxd8 {11} Rbxd8 {6} 43. Rb1 {195} Qf5 {15} 44. Rb5 {79
} d5 {38} 45. b7 {2} h6 {52} 46. Re5 {445} Qf7 {51} 47. Re7 {7} Qf6 {23} 48.
Re6 {7} Qf5 {44} 49. Qe3 {348} Qh3 {44} 50. Kg1 {12} Rgf8 {18} 51. Rb3 {66} Qf5
{51} 52. Qe5 {28} Qxe5 {18} 53. Rxe5 {0} d4 {31} 54. Kf2 {22} d3 {33} 55. Re1 {
7} d2 {42} 56. Rd1 {1} Kg8 {52} 57. h4 {81} g6 {20} 58. Rb4 {53} Rfe8 {13} 59.
Rb2 {196} Rb8 {25} 60. Rdxd2 {12} Re7 {10} 61. Rb6 {8} Rbxb7 {25} 62. Rxg6+ {8}
Kh7 {9} 63. Rdd6 {31} Rb2+ {8} 64. Kg3 {2} Rg7 {44} 65. Rxg7+ {41} Kxg7 {5} 66.
h5 {33} Rb5 {25} 67. Kg4 {5} Rg5+ {Ciron bietet Remis 18} 68. Kh4 {8} Rg1 {27}
69. f4 {22} Kh7 {46} 70. Rd7+ {17} Kg8 {14} 71. Kh3 {29} Kh8 {11} 72. Ra7 {30}
Kg8 {12} 73. Re7 {73} Kh8 {19} 74. Rf7 {29} Kg8 {16} 75. Rf6 {18} Kg7 {29} 76.
Rd6 {1} Kh7 {22} 77. Rd3 {21} Rh1+ {31} 78. Kg4 {5} Kg7 {13} 79. Rd7+ {15} Kf6
{10} 80. Rd6+ {3} Kf7 {14} 81. Ra6 {1} Kg7 {23} 82. Rg6+ {14} Kh7 {15} 83. Re6
{12} Kg7 {13} 84. Re3 {21} Kf6 {14} 85. Rg3 {3} Rf1 {19} 86. Rf3 {
Ultima offre la patta (Lag: Av=0.38s, max=1.5s) 41} 1/2-1/2

[Event "CSS Freestyle 8th"]
[Site "playchess.com"]
[Date "2008.04.12"]
[Round "5"]
[White "Spaghetti Chess"]
[Black "Takker"]
[Result "1/2-1/2"]
[WhiteElo "2537"]
[BlackElo "2441"]
[PlyCount "31"]
[EventDate "2008.04.11"]

1. e4 {26} c6 {33} 2. d4 {42} d5 {4} 3. Nd2 {123} dxe4 {127} 4. Nxe4 {64} Nd7 {
129} 5. Ng5 {167} Ngf6 {9} 6. Bd3 {72} e6 {34} 7. N1f3 {28} Bd6 {31} 8. Qd2 {10
} h6 {426} 9. Ne4 {11} Nxe4 {2} 10. Bxe4 {13} O-O {71} 11. O-O {15} e5 {33} 12.
dxe5 {93} Nxe5 {6} 13. Rd1 {96} Nxf3+ {64} 14. Bxf3 {20} Re8 {8} 15. h3 {83}
Bc7 {Takker offers a draw 4} 16. Qxd8 {
Spaghetti Chess offre la patta (Lag: Av=0.97s, max=2.2s) 78} 1/2-1/2

[Event "CSS Freestyle 8th"]
[Site "playchess.com"]
[Date "2008.04.12"]
[Round "5"]
[White "Mepholos"]
[Black "Gatewaymike"]
[Result "1/2-1/2"]
[WhiteElo "2383"]
[BlackElo "2364"]
[PlyCount "29"]
[EventDate "2008.04.11"]

1. Nf3 {5} Nf6 {26} 2. b3 {5} g6 {240} 3. c4 {9} Bg7 {28} 4. Bb2 {7} O-O {53}
5. e3 {182} c5 {116} 6. Be2 {110} b6 {58} 7. d4 {142} cxd4 {52} 8. Nxd4 {21}
Bb7 {59} 9. O-O {23} d5 {156} 10. cxd5 {76} Nxd5 {81} 11. Nc3 {130} Nxc3 {158}
12. Bxc3 {17} e5 {159} 13. Bf3 {42} e4 {98} 14. Be2 {36} Qe7 {189} 15. Rc1 {
Mepholos offers a draw (Lag: Av=0.81s, max=1.4s) 195} 1/2-1/2

[Event "CSS Freestyle 8th"]
[Site "playchess.com"]
[Date "2008.04.12"]
[Round "5"]
[White "Flyingfatman"]
[Black "Murx"]
[Result "1-0"]
[WhiteElo "2529"]
[BlackElo "2548"]
[Annotator "Utzinger,K"]
[PlyCount "41"]
[EventDate "2008.04.11"]

{Eine spannende Partie, wo man sich fragen muss, ob Weiss dank seiner guten
Vorbereitung quasi aus der Eröffnung heraus gewonnen hat, oder ob Schwarz es
verpasst hat, im richtigen Moment die geeignete Riposte zu finden. Ich habe
versucht, auf diese Fragen einige Antworten zu finden, bin mir jedoch bewusst,
dass allenfalls vertiefte Analysen zu anderen Schlüssen führen könnten.} 1. e4
{24} c5 {45} 2. Nf3 {11} d6 {17} 3. Nc3 {86} Nf6 {20} 4. d4 {27} cxd4 {14} 5.
Nxd4 {6} a6 {15} 6. Be3 {3} e6 {36} 7. f3 {26} b5 {29} 8. Qd2 {40} Nbd7 {27} 9.
a3 {43 Dieser selten gespielte Zug kam für Schwarz offenbar überraschend; weit
üblicher ist hier 9.g4} Bb7 {206} (9... h5 {Karl Müller} 10. O-O-O (10. Be2 Bb7
11. O-O-O Be7 12. h4 Ne5 13. Kb1 Rc8) (10. Qf2 Bb7 11. Be2 Be7) 10... Bb7 11.
Qe1 Be7 12. h4 O-O 13. Kb1 {Arno Nickel: 9...h5, wie von Karl als Prävention
gegen g2-4 vorgeschlagen, wäre mir zu kompromittierend und die im Rybka-Buch
dazu angegebene Variante wenig verlässlich}) 10. g4 {68} h6 {15} (10... Nb6 {
Arno Nickel: Schwarz verfügt meines Erachtens über eine gute Möglichkeit, den
h-Bauern nach 10.g4 noch eine Weile stehen zu lassen und sofort mit 10...Sb6,
gefolgt von ...Sfd7 nebst ...Tc8 mit starkem Gegenspiel am Damenflügel zu
drohen, falls Weiß kang rochiert; diese Idee kam in etlichen Meisterpartien
zum Tragen}) 11. O-O-O {17} Rc8 {41} 12. h4 {177} d5 {49 Alle diese Züge sind
im Rybka2.ctg Buch enthalten, das nun allerdings mit 13.exd5 fortsetzt} 13. Rg1
{29 Das scheint eine interessante Neuerung zu sein, die in dieser Partie voll
durchschlägt} (13. exd5 Nxd5 14. Nxd5 Bxd5 15. Be2 (15. Rh3 Ne5 16. g5 hxg5 17.
Bxg5 f6 18. Be3 Qc7 19. h5 Bc5 20. Be2 Bb3 21. cxb3 Bxd4+ 22. Kb1 Bxe3 23. Qxe3
g5 24. b4 Kf7 25. Rhh1 Rhd8 26. Rc1 Qb7 27. f4 gxf4 28. Qxf4 Qd5 29. h6 Ng6 30.
Bh5 Rxc1+ {Rybka2.ctg}) (15. Bf4 Bc5 16. Be2 O-O 17. Kb1 Qb6 18. Nb3 Rfd8 19.
Nxc5 Qxc5 20. Qc1 e5 21. Be3 Qc6 22. g5 h5 23. Rd3 Bc4 24. Rc3 Nb6 25. Bxb6
Qxb6 26. Bxc4 bxc4 {Rybka2.ctg}) 15... Ne5 16. Kb1 (16. g5 h5 17. Bf4 Ng6 18.
Nxb5 Be7 19. Nd4 Nxf4 20. Qxf4 O-O 21. Bxa6 Rb8 22. a4 Bd6 23. Qd2 Qc7 {
Rybka2.ctg}) 16... Qc7 17. Rhe1 Bd6 18. Nf5 O-O 19. Nxd6 Qxd6 20. Bf4 f6 21. g5
hxg5 22. hxg5 Qc6 23. Bxe5 fxe5 24. Bd3 Rxf3 25. Rxe5 Rh3 26. Re3 Rh5 27. Qe2
Rh4 28. Rf1 Qd6 29. Qf2 Rh2 30. Qf7+ Kh8 {Rybka2.ctg}) 13... dxe4 {115 Eine sel
bstverständlich aussehende Fortsetzung, um sich nach dem erwarteten g4-g5 das
Feld d5 für den Springer zu sichern; ernsthaft zu prüfen bleibt indessen die
Alternative 13...b4} (13... b4 14. axb4 Bxb4 15. g5 hxg5 16. hxg5 Nh5 {unklar})
14. g5 {48} hxg5 {17} 15. hxg5 {27} Nd5 {28} 16. Nxe4 {44} b4 {39 Meines Eracht
ens zu rasch gespielt; hat Schwarz in seiner Vorausberechnung das weisse Opfer
19.Sxe6 übersehen oder sich bei seiner Zugwahl zu stark auf die Computer
verlassen; das wäre möglich, wenn der Helfer Rybka war, weil dieses Programm
Mühe hat, das Opfer 19.Sxe6 zu finden; ansonsten war hier natürlich 16...g6
ein leidiges Muss; natürlich ist es gerade bei beschränkter Bedenkzeit oftmals
schwierig, den richtigen Weg zwischen Verteidigung und Angriff zu finden  Arno
Nickel: Auf 17...g6 scheint Weiß mit dem Läufermanöver Le3-f2-g3 die Schwäche
der schwarzen Felder gnadenlos ausnutzen zu können.} (16... g6 17. Bf2) 17. g6
{18} bxa3 {843 Die lange Bedenkzeit legt nahe, dass Schwarz den Ernst der Lage
erst nach 17.g6 bemerkt hat} 18. gxf7+ {10} Kxf7 {32} 19. Nxe6 {
7 Hübsch, aber natürlich einfach zu finden mit Computerunterstützung} Kxe6 {40}
20. Kb1 {8 Erstaunlich, dass Weiss hier Zeit findet für diesen ruhigen Zug in
einer derart angespannten Situation mit Minusfigur und einem im Zentrum bloss
stehenden schwarzen König; der Ausgang der Partie gibt dem Weissen Recht, denn
es gelingt Schwarz nicht, seine Probleme zu lösen} axb2 {533} 21. Ng5+ {
Murx gibt auf (Lag: Av=0.26s, max=0.6s) 180 Dass Murx bereits hier aufgibt und
gar keinen Versuch einer Verteidigung macht, mag etwas erstaunen, aber in der
Tat scheint es keine Verteidigung mehr zugeben} (21. Ng5+ Ke7 (21... Kf6 22.
Bd4+ Ne5 (22... Kg6 23. Bd3+ Kh5 24. Qh2#) 23. Bxe5+ Ke7 (23... Kxe5 24. Nf7+)
24. Qe1 $18) 22. Re1 Ne5 23. Bd4 Kd7 24. Bxe5 Bb4 25. Qd3 Qf8 (25... Rf8 26.
Ne6 $3) (25... Bd6 26. Bh3+ Rxh3 27. Nxh3 Bxe5 28. Rxe5 Qa5 (28... Kc6 29. Re6+
Kd7 30. Qf5 $18) 29. Kxb2) (25... Bxe1 $2 26. Qf5+ Kc6 27. Qe6+ Kc5 28. Bd4+
Kxd4 29. Rg4+ Kc5 30. Ne4+ Kb4 31. Nc3+ Nf4 (31... Kxc3 32. Qxe1#) 32. Rxf4+
Be4 33. Rxe4+ Kxc3 34. Qb3+ Kd2 35. Qe3+ Kd1 36. Be2#) 26. Re4 Rc3 (26... Be7
27. c4) 27. Bxc3 Bxc3 28. Rc4 Qa3 (28... Bf6 29. Bh3+ Rxh3 30. Qf5+ Kd8 31.
Ne6+) 29. Qf5+ Kd8 (29... Ke8 30. Qf7+ Kd8 31. Ne6#) 30. Nf7+ Ke8 31. Qe6+ Kf8
(31... Qe7 32. Rc8+ Bxc8 33. Nd6+ Kf8 34. Qxc8+ Qe8 35. Qxe8#) 32. Qd6+ Qxd6
33. Nxd6 $18) 1-0

[Event "CSS Freestyle 8th"]
[Site "playchess.com"]
[Date "2008.04.12"]
[Round "5"]
[White "EnjoyTheSilence"]
[Black "Wytiko"]
[Result "1-0"]
[WhiteElo "2427"]
[BlackElo "2307"]
[PlyCount "61"]
[EventDate "2008.04.11"]

1. e4 {4} c5 {3} 2. Nf3 {2} Nc6 {2} 3. d4 {2} cxd4 {2} 4. Nxd4 {1} g6 {2} 5. c4
{10} Bg7 {2} 6. Be3 {2} Nf6 {1} 7. Nc3 {2} d6 {1} 8. Be2 {8} Bd7 {2} 9. Nc2 {12
} O-O {147} 10. O-O {56} a6 {208} 11. f3 {73} Rc8 {276} 12. Na4 {41} Ne5 {35}
13. Nb6 {29} Rc6 {8} 14. Nxd7 {39} Nexd7 {11} 15. Qd2 {45} Nb6 {90} 16. b3 {68}
Nfd7 {5} 17. Rac1 {67} Re8 {183} 18. Rfd1 {251} Qc8 {74} 19. Qa5 {83} Na8 {106}
20. Nb4 {40} Rc7 {62} 21. Nd5 {77} Rc6 {4} 22. Rc2 {20} b6 {4} 23. Qd2 {33} Qb8
{125} 24. Nb4 {31} Rcc8 {7} 25. Nxa6 {19} Qb7 {3} 26. Nb4 {39} Nc5 {33} 27. Nd5
{45} Nc7 {8} 28. Bf2 {White restart ok. 43} Ra8 {16} 29. b4 {81} Nd7 {5} 30.
Bh4 {46} Kf8 {76} 31. Bxe7+ {Wytiko abbandona (Lag: Av=0.55s, max=0.7s) 35} 1-0

[Event "CSS Freestyle 8th"]
[Site "playchess.com"]
[Date "2008.04.12"]
[Round "5"]
[White "Rentner2"]
[Black "Moro Gamgee"]
[Result "1/2-1/2"]
[WhiteElo "2619"]
[BlackElo "2450"]
[PlyCount "46"]
[EventDate "2008.04.11"]

1. e4 {18} c6 {170} 2. d4 {174} d5 {3} 3. e5 {8} c5 {9} 4. Nf3 {4} cxd4 {579}
5. Nxd4 {164} Nc6 {24} 6. c4 {43} e6 {58} 7. Nc3 {507} Bb4 {34} 8. Nxc6 {3}
bxc6 {2} 9. Qa4 {6} a5 {139} 10. cxd5 {299} Qxd5 {5} 11. Qxb4 {3} axb4 {2} 12.
Nxd5 {3} exd5 {1} 13. Be3 {567} f6 {3} 14. f4 {158} fxe5 {3} 15. fxe5 {3} Nh6 {
279} 16. Bc5 {7} Bf5 {133} 17. Be2 {355} Kd7 {143} 18. Bxb4 {315} Rhb8 {45} 19.
Bc3 {565} c5 {75} 20. e6+ {32} Bxe6 {7} 21. Bxg7 {4} Ng4 {14} 22. Bxg4 {4} Bxg4
{2} 23. O-O {4} d4 {Moro Gamgee offers a draw (Lag: Av=0.49s, max=1.5s) 25}
1/2-1/2

[Event "CSS Freestyle 8th"]
[Site "playchess.com"]
[Date "2008.04.12"]
[Round "5"]
[White "Odirovski"]
[Black "Stabiloboss"]
[Result "1/2-1/2"]
[WhiteElo "2401"]
[BlackElo "2406"]
[PlyCount "55"]
[EventDate "2008.04.11"]

1. d4 {30} Nf6 {257} 2. c4 {6} e6 {20} 3. Nf3 {7} b6 {5} 4. g3 {31} Ba6 {10} 5.
b3 {7} Bb4+ {9} 6. Bd2 {16} Be7 {7} 7. Bg2 {7} c6 {4} 8. Bc3 {235} d5 {11} 9.
Nbd2 {9} Nbd7 {50} 10. O-O {6} O-O {17} 11. Re1 {3} c5 {380} 12. e4 {12} dxe4 {
255} 13. Nxe4 {6} Bb7 {12} 14. Nfg5 {86} cxd4 {9} 15. Bxd4 {8} Qc7 {19} 16.
Nxf6+ {25} Bxf6 {10} 17. Bxb7 {25} Qxb7 {4} 18. Ne4 {191} Bxd4 {21} 19. Qxd4 {6
} Rad8 {25} 20. Rad1 {15} Qb8 {140} 21. Qe3 {1260} h6 {51} 22. f4 {774} Qc7 {11
} 23. Rd2 {50} Nc5 {128} 24. Nxc5 {48} Qxc5 {261} 25. Qxc5 {44} bxc5 {4} 26.
Rxd8 {177} Rxd8 {7} 27. Re5 {3} Rc8 {417} 28. Kf2 {
Odirovski offers a draw (Lag: Av=0.36s, max=0.9s) 252} 1/2-1/2

[Event "CSS Freestyle 8th"]
[Site "playchess.com"]
[Date "2008.04.12"]
[Round "5"]
[White "Fredis_cpu"]
[Black "Badbishop1"]
[Result "1-0"]
[WhiteElo "2519"]
[BlackElo "2362"]
[PlyCount "63"]
[EventDate "2008.04.11"]

1. e4 {11} e5 {8} 2. Nf3 {11} Nf6 {27} 3. d4 {46} Nxe4 {27} 4. Bd3 {31} d5 {10}
5. Nxe5 {31} Nd7 {21} 6. Nxd7 {71} Bxd7 {2} 7. O-O {23} Bd6 {30} 8. c4 {22} c6
{23} 9. cxd5 {56} cxd5 {5} 10. Nc3 {22} Nxc3 {15} 11. bxc3 {16} O-O {25} 12.
Qh5 {25} f5 {72} 13. Qf3 {38} Kh8 {34} 14. Bd2 {76} Qc7 {121} 15. h4 {296} Qd8
{212} 16. g3 {96} Qa5 {116} 17. Rfe1 {33} Rae8 {24} 18. Rxe8 {48} Bxe8 {31} 19.
Kg2 {86} Bc6 {243} 20. Bc2 {428} h6 {320} 21. g4 {438} Qb6 {431} 22. g5 {95}
Qc7 {349} 23. Rg1 {79} Qe7 {57} 24. Re1 {15} Qf7 {17} 25. Bf4 {177} Bxf4 {100}
26. Qxf4 {6} hxg5 {90} 27. hxg5 {91} Kg8 {79} 28. Rh1 {67} Qg6 {204} 29. Bd1 {
34} Rd8 {91} 30. Rh3 {20} Bd7 {123} 31. Bh5 {46} Qc6 {89} 32. Qh2 {
Badbishop1 resigns (Lag: Av=0.65s, max=1.6s) 174} 1-0

[Event "CSS Freestyle 8th"]
[Site "playchess.com"]
[Date "2008.04.12"]
[Round "5"]
[White "HAKAN M"]
[Black "Gallenweiler"]
[Result "0-1"]
[WhiteElo "2348"]
[BlackElo "2395"]
[PlyCount "94"]
[EventDate "2008.04.11"]

1. e4 {8} e5 {20} 2. Bc4 {14} Nf6 {42} 3. f4 {3} Nc6 {110} 4. Nf3 {13} Bc5 {88}
5. Nc3 {15} d6 {62} 6. Na4 {14} exf4 {205} 7. d4 {53} Bb6 {19} 8. Nxb6 {10}
axb6 {3} 9. O-O {8} O-O {34} 10. Bxf4 {9} Nxe4 {49} 11. Nd2 {128} d5 {154} 12.
Nxe4 {16} dxc4 {4} 13. d5 {10} Ne7 {39} 14. d6 {8} cxd6 {7} 15. Nxd6 {13} Be6 {
60} 16. Bg3 {16} Qd7 {139} 17. Qf3 {35} Qc6 {20} 18. a4 {251} Nd5 {125} 19. b3
{354} Qc5+ {94} 20. Kh1 {19} Nf6 {4} 21. Qf4 {199} cxb3 {89} 22. cxb3 {13} Nh5
{83} 23. Qh4 {29} Nxg3+ {6} 24. Qxg3 {13} Qc2 {76} 25. Rf3 {245} Rad8 {121} 26.
Re1 {311} Qc7 {54} 27. Rd3 {24} Bxb3 {96} 28. h4 {285} Bxa4 {137} 29. h5 {11}
h6 {29} 30. Ree3 {200} Rd7 {119} 31. Qe5 {17} f6 {118} 32. Qe6+ {89} Kh8 {48}
33. Re1 {169} Qc5 {95} 34. Re4 {31} Qxh5+ {75} 35. Kg1 {57} Bc6 {27} 36. Ree3 {
31} Ra8 {45} 37. Rh3 {7} Qe5 {52} 38. Qxe5 {142} fxe5 {13} 39. Rhe3 {50} Ra1+ {
20} 40. Kh2 {14} Ra2 {11} 41. Kh3 {36} Bxg2+ {33} 42. Kg3 {10} e4 {20} 43. Ra3
{34} Rxa3 {59} 44. Rxa3 {4} Rxd6 {10} 45. Kxg2 {4} Re6 {12} 46. Kf2 {15} e3+ {
21} 47. Ke2 {23} h5 {HAKAN M resigns (Lag: Av=0.33s, max=1.1s) 32} 0-1